000 00444nam a22001937a 4500
003 OSt
008 230327b |||||||| |||| 00| 0 eng d
020 _a9789353168148
082 _a658 KOE
100 _aKOONTZ,Harold
245 _aEssentials of Management
250 _a11th Ed
260 _aNew Delhi
_bTMH
_c2022
300 _a590
650 _aManagement
700 _aWEIHRICH,Heinz
700 _aCANNICE,Mark V
942 _2ddc
_cREF
999 _c11908
_d11908